|
|
|
|
| LEADER |
01151nam a22003251a 4500 |
| 001 |
000035362 |
| 003 |
11640 |
| 005 |
20151207000000.0 |
| 008 |
151207s0 000 eng |
| 041 |
|
|
|a eng
|
| 082 |
|
|
|a 420.4
|b NG-H
|
| 100 |
|
|
|a Ngũ Thiện Hùng
|
| 245 |
|
|
|a An Introduction To Contrastive Analysis Languages
|c Ngũ Thiện Hùng
|
| 260 |
|
|
|a ĐHNN
|
| 300 |
|
|
|a 141tr . : mh ; 30cm
|
| 650 |
|
|
|a Ngũ Thiện Hùng, An Introduction To Contrastive Analysis Languages, Contrastive Analysis Languages, Dẫn nhập ngôn ngữ học đối chiếu
|
| 852 |
|
|
|b Chuyên đề
|c Giáo trình
|
| OWN |
|
|
|a LNN
|
| AVA |
|
|
|a UDN50
|b LNN
|d 420.4 NG-H
|e available
|t Error 5001 Not defined in file expand_doc_bib_avail.
|f 1
|g 0
|h N
|i 0
|k 1
|
| 999 |
|
|
|a From the UDN01
|
| AVA |
|
|
|a UDN50
|b LNN
|d 420.4 NG-H
|e available
|t Error 5001 Not defined in file expand_doc_bib_avail.
|f 1
|g 0
|h N
|i 0
|k 1
|
| TYP |
|
|
|a Monograph
|
| TYP |
|
|
|a Printed language
|
| 980 |
|
|
|a Mạng thư viện Đại học Đà Nẵng
|